Education as the cornerstone knowledge-based economy

Vzdelanie ako základný kameň znalostnej ekonomiky. Merania vzdelania. Vládne výdavky na vzdelávanie. Počet absolventov na terciálnej úrovni vzdelania vo vede a technike. Ľudské zdroje v sektore vedy a techniky.

Gespeichert in:
Bibliographische Detailangaben
1. Verfasser: Veselková, Alexandra
Format: Buchkapitel
Sprache:Englisch
Schlagworte:
Tags: Tag hinzufügen
Keine Tags, Fügen Sie das erste Tag hinzu!

MARC

LEADER 00000naa$a2200000$$$4500
001 0223717
005 20240712114927.0
041 0 |a eng 
044 |a CZ 
245 1 0 |a Education as the cornerstone knowledge-based economy  |c Alexandra Veselková 
520 |a Vzdelanie ako základný kameň znalostnej ekonomiky. Merania vzdelania. Vládne výdavky na vzdelávanie. Počet absolventov na terciálnej úrovni vzdelania vo vede a technike. Ľudské zdroje v sektore vedy a techniky. 
610 2 0 |a ekonomika znalostná 
610 2 0 |a vzdelanie 
610 2 0 |a vzdelávanie terciárne 
610 2 0 |a podpora vzdelávania 
610 2 0 |a podpora štátna 
610 2 0 |a absolventi 
100 1 |a Veselková, Alexandra